Responses for show #2902 - Tuesday, March 25, 1997

Contestants

[<< previous game]

Barbara Blake, a programs manager from Orlando, Florida

Matt Radulski, an industrial repair representative from Branford, Connecticut

Robert Manuel, an analyst from San Francisco, California (whose 2-day cash winnings total $17,550)

[next game >>]

Jeopardy! Round responses

MOUNTAINS
WELL-KNOWN NAMES
CD-ROM GAMES
FOREIGN FOODS
SCIENCE
"BLACK" & "WHITE"
    $100 6
Rockies

Robert
    $100 16
Rev. Billy Graham

Barbara
    $100 26
Waldo

Robert
    $100 1
Minestrone

Robert
    $100 11
Pluto

Matt
    $100 21
White House

Robert
    $200 7
Mount Vesuvius

Matt
    $200 17
Davy Crockett

Barbara
    $500 27
(R: What is...(time)?)

The Holy Grail

Robert
    $200 2
Burrito

Robert
    $200 12
Relative humidity

Matt
    $200 22
Black bear

Robert
    $300 8
Israel

Matt
    $300 18
Hadrian

Matt
    $300 28
Cockroach

Robert
    $300 3
Couscous

Barbara
    $300 13
It dies

Barbara
    $300 23
(M: What is a Black Russian?)
(Alex: It's the addition of the milk or cream that gives it its name)

White Russian

MattBarbara
    $400 9
Adirondacks

Barbara
    $400 19
J. Edgar Hoover

Matt
    $400 29
Heaven & Hell

Barbara
    $400 4
Knish

Barbara
    $400 14
Gravity

Robert
    $400 24
Black Hawk

Barbara
    $500 10
Blue

Barbara
    $500 20
(M: Who is Laurel & Hardy?)
(Alex: We were just going for the real name of one half of the team)

Stan Laurel

Matt
Triple Stumper
    $500 30
Connections

Barbara
    $500 5
Sukiyaki

Robert
    $500 15
Resistance

Matt
    $500 25
Black-eyed Susan

Barbara

Scores at the first commercial break (after clue 15):

Robert Matt Barbara
$1,300 $1,300 $1,900

Scores at the end of the Jeopardy! Round:

Robert Matt Barbara
$1,500 $1,200 $4,300

Double Jeopardy! Round responses

HISTORIC PEOPLE
HOLLYWOOD FAMILIES
MUSEUMS
MUSIC APPRECIATION
GOVERNMENT & POLITICS
1980s FICTION
    $200 2
Henry Stanley

Robert
    $200 18
Alfred Hitchcock

Robert
    $200 3
Hawaii

Matt
    $200 8
Marietta

Barbara
    $200 1
U.S. Department of Agriculture

Barbara
    $200 17
Vietnam War

Barbara
    $400 4
(R: Who is Eric the Red?)
(B: Who is Henry Cabot?)
(M: Who is Henry Hudsons?)

Henry Hudson

RobertMattBarbara
Triple Stumper
    $400 19
Newman

Barbara
    $400 23
The Louvre

Robert
    $400 9
Soprano

Robert
    $400 13
A tie (to break one)

Matt
    $400 27
[The end-of-round signal sounds.]

James Clavell

Barbara
    $600 5
Oliver Cromwell

Matt
    $600 20
Larry Hagman

Barbara
    $600 24
Wimbledon

Barbara
    $600 10
Scotland

Barbara
    $600 14
Joint Chiefs of Staff

Matt
    $800 6
(B: Who is Ivan the Terrible?)

Peter the Great

RobertBarbara
    $800 21
(M: What are stunts?)
(Alex: I wear a lot of makeup!)

Makeup

Matt
Triple Stumper
    $800 25
(M: What is the Metropolitan Museum of Art?)
(R: What is the Guggenheim?)

MOMA (Museum Of Modern Art)

RobertMatt
Triple Stumper
    $800 11
Guitar

Barbara
    $2,400 15
Susan Molinari

Matt
    $1000 7
(R: Who is Saladin?)

Suleiman

Robert
Triple Stumper
    $1000 22
(we have less than a minute to go...)

Gentlemen Prefer Blondes

Barbara
    $1,000 26
(B: Who is St. Bernard?)

Albert Schweitzer

Barbara
    $1000 12
Cyrano de Bergerac

Robert
    $1000 16
Know-Nothings

Matt

Scores at the end of the Double Jeopardy! Round:

Robert Matt Barbara
$2,300 $4,400 $7,100

[wagering suggestions for these scores]

Final Jeopardy! Round responses

WORLD CAPITALS
(Alex: I believe Reykjavik is 64 degrees north, Helsinki, 61.)
RobertWhat is Helsinki?
$2,200
MattWhat is Reykyavik?
$3,100
BarbaraWhat is Moscow?
$1,701
Reykjavik, Iceland

Final scores:

Robert Matt Barbara
$100 $7,500 $5,399
3rd place: Pinseeker Golf Clubs & Bag New champion: $7,500 2nd place: Trip to Belair Beach Hotel, St. Martin

Game dynamics:

Coryat scores:

Robert Matt Barbara
$2,800 $2,800 $8,100
15 R,
4 W
(including 1 DD)
13 R
(including 1 DD),
5 W
22 R,
3 W
(including 1 DD)

Combined Coryat: $13,700

The J! Archive is created by fans, for fans. The Jeopardy! game show and all elements thereof, including but not limited to copyright and trademark thereto, are the property of Jeopardy Productions, Inc. and are protected under law. This website is not affiliated with, sponsored by, or operated by Jeopardy Productions, Inc. Join the discussion at JBoard.tv.